000 01110nam2a2200265 4500
001 RU\NLR\bibl\926293
005 20250614191448.0
010 _a5-292-03440-1
_9100
021 _aRU
_b2006-3079
_9137
035 _a(NLR Aleph) 000914544
090 _a60903
_c60903
100 _a20060404d2005 |||y0rusy50 ca
101 0 _arus
102 _aRU
105 _aa |||||||||
200 0 _aВып. 3
210 _d2005
_aБ. м.
215 _a122,[1] с.
_cил.
320 _aБиблиогр. в конце тр.
461 0 _1001RU\NLR\bibl\941531
_12001#$aИсследования молодых ученых и студентов в биологии$vВып. 3
_9152048
_cСаратов
_d2005
_fСарат. гос. ун-т им. Н.Г. Чернышевского
_nИзд-во Саратовского университета
_oсборник научных трудов
_tИсследования молодых ученых и студентов в биологии
_vВып. 3
801 0 _aRU
_bNLR
_c20060404
_grcr
801 1 _aRU
_bNLR
_c20060404
942 _cBOOK
980 _aNB